Building Contract Variations and final Accounts (Record no. 95145)

MARC details
000 -LEADER
fixed length control field 00435cam a2200181 4500
001 - CONTROL NUMBER
control field D2394
008 - FIXED-LENGTH DATA ELEMENTS--GENERAL INFORMATION
fixed length control field 090401t1961 xxu||||| |||| 00| 0 eng d
035 ## - SYSTEM CONTROL NUMBER
System control number (Sirsi) u68919
041 ## - LANGUAGE CODE
Language code of text/sound track or separate title eng
050 ## - LIBRARY OF CONGRESS CALL NUMBER
Classification number 692.8
100 ## - MAIN ENTRY--PERSONAL NAME
Personal name Chrystal-Smith, G.
245 ## - TITLE STATEMENT
Title Building Contract Variations and final Accounts
260 ## - PUBLICATION, DISTRIBUTION, ETC.
Name of publisher, distributor, etc. George Newnes Ltd
Date of publication, distribution, etc. 1961
350 ## - PRICE (NR) (BK AM CF MU VM SE) [OBSOLETE]
Price 0
520 ## - SUMMARY, ETC.
Summary, etc. REserve Shelf 135
942 ## - ADDED ENTRY ELEMENTS (KOHA)
Suppress in OPAC 0
948 ## - LOCAL PROCESSING INFORMATION (OCLC); SERIES PART DESIGNATOR (RLIN)
c (OCLC) 04/03/1997
Holdings
Withdrawn status Lost status Source of classification or shelving scheme Damaged status Not for loan Home library Current library Shelving location Date acquired Total Checkouts Full call number Barcode Date last seen Copy number Price effective from Koha item type
    Dewey Decimal Classification     London London Basement 21/08/1991   SHELF 135 30022899 06/08/2019 1 06/08/2019 Reference material